Choose your own adventure: (Record no. 361917)
[ view plain ]
| 000 -LEADER | |
|---|---|
| fixed length control field | 00433nam a22001457a 4500 |
| 008 - FIXED-LENGTH DATA ELEMENTS--GENERAL INFORMATION | |
| fixed length control field | 190619b xxu||||| |||| 00| 0 eng d |
| 020 ## - INTERNATIONAL STANDARD BOOK NUMBER | |
| International Standard Book Number | 0553564013 |
| 050 ## - LIBRARY OF CONGRESS CALL NUMBER | |
| Classification number | PZ 7 |
| Item number | .P119c142 1993 |
| 100 ## - MAIN ENTRY--PERSONAL NAME | |
| Personal name | Edward Packard |
| 245 ## - TITLE STATEMENT | |
| Title | Choose your own adventure: |
| Remainder of title | The Reality machine/ |
| Statement of responsibility, etc | Edward Packard |
| 260 ## - PUBLICATION, DISTRIBUTION, ETC. (IMPRINT) | |
| Place of publication, distribution, etc | New York: |
| Name of publisher, distributor, etc | Bantam Books |
| Date of publication, distribution, etc | 1993. |
| 300 ## - PHYSICAL DESCRIPTION | |
| Extent | 118 p. ; ill. : 170 cm. |
| 440 ## - SERIES STATEMENT/ADDED ENTRY--TITLE | |
| Title | The Reality Machine |
| 942 ## - ADDED ENTRY ELEMENTS (KOHA) | |
| Source of classification or shelving scheme | Library of Congress Classification |
| Item type | Books |
| Withdrawn status | Lost status | Source of classification or shelving scheme | Damaged status | Collection code | Home library | Current library | Shelving location | Date acquired | Total Checkouts | Full call number | Barcode | Date last seen | Date last borrowed | Price effective from | Koha item type |
|---|---|---|---|---|---|---|---|---|---|---|---|---|---|---|---|
| Library of Congress Classification | Fiction | Luxembourg Library | Luxembourg Library | Kids Fiction Section | 06/19/2019 | 1 | PZ 7 .P119c142 1993 | 1975 | 01/31/2023 | 01/23/2023 | 06/19/2019 | Books |